Регионална библиотека "Любен Каравелов" - Русе

Les grandes dates de l'histoire de France (Запис номер 39524)

MARC детайли
000 -Лидер
Контролно поле с фиксирана дължина 00873nam a2200277 c 4500
003 - Код на организацията, давaща контролен номер
Контролно поле BLK
005 - Дата и час на последна редакция
Контролно поле 20180413121949.0
008 - Елементи от данни с фиксирана дължина
fixed length control field 180408b bul|||||r ||||||| ||bul||
010 ## - Наследен системен номер
LC control number KNG00042878000
020 ## - Международен стандартен номер на книга ISBN
Международен стандартен номер на книга ISBN 2-03-720265-2
-- издат.: Larousse
040 ## - Източник на каталожния запис
Идентификатор на билиотеката - собственик на записа BLK
041 ## - Код за език
Код за езика на текст/звукозапис или на отделно заглавие Френски
Код за езика КДБФ Френски
080 ## - УДК
Текстов определител УДК История на Франция
УДК код - определител по УДК 944
УДК определител (038.1)
УДК - код + определител 944(038.1)
139 ## - Редно поле
Редна дума Les grandes dates de l'histoire de France
Авторски знак Les - L 58
245 10 - Сведения за заглавието
Заглавие Les grandes dates de l'histoire de France
Подзаглавни данни Evenements politiques, faits historiques et sociaux, civilisation
257 ## - Страна на издаване
Страна на създаване/издаване Франция
260 ## - Област на издателските данни
-- Paris
Име на издателя, разпространителя и проч. Larousse
Година на издаване 1993
300 ## - Физическа характеристика
Страници 271 c., 16 л.
Илюстрации и др. к.
Размери/Мащаб 17 cm
380 ## - Жанр
Жанр История
490 1# - СЕРИИ (Колекции)
Име на серия References Larousse
852 ## - Местоположение
Форматна сигнатура Цб І 27089
856 4# - Електронен адрес и достъп
Електронен формат pdf - файл
Път до файла /url/
856 4# - Електронен адрес и достъп
Електронен формат pdf - файл
Път до файла /url/
942 ## - АРТИКУЛИ
Вид на библиотечния материал Книги
Скрит в OPAC Не
944 ## - СЪЗДАВАНЕ И РЕДАКЦИЯ на ЗАПИСА
Създаване/Редакция Създаване
Дата на регистрацията/редакция 15.01.2003
Служител, извършил регистрацията/редакцията AB_DOS
944 ## - СЪЗДАВАНЕ И РЕДАКЦИЯ на ЗАПИСА
Създаване/Редакция Редакция
Дата на регистрацията/редакция 08.02.2017
Служител, извършил регистрацията/редакцията Ивелин_Попов
999 ## - СИСТЕМНИ КОНТРОЛНИ НОМЕРА
Koha biblionumber 39524
Koha biblioitemnumber 39524
Наличности
Код за отписване Код за изгубен артикул Код за повреда Коз за рестрикции Код за отдаване Артикулен № Име на библиотеката - собственик Име на библиотеката, в която се намира в момента Статус (Текущо местоположение) Дата на вписване в системата Местоположение - отдел Цена в лева Инвентарен номер Систематично азбучна сигнатура Баркод Номер на екземпляра Цена в евро Служебна бележка Служебен тип на артикула
  Не е изгубен Не е повреден без рестрикции ползва се в читалня 61917 Регионална библиотека "Любен Каравелов" Русе Регионална библиотека "Любен Каравелов" Русе Читалня 4 - справочен фонд 2001-01-01 Читалня 4 - справочен фонд 0.00 610006 C4 944/B81E 610006 1 0.00 Дата: 01.01.1993 Дата инв: 12.06.2017 Бележки инв: С42017 Книги
Vip Innovations Ltd, Rousse, Bulgaria 2025